Xây dựng Việt Nam

Shranjeno v:
Bibliografske podrobnosti
Format: Knjiga
Jezik:Undetermined
Izdano: Hà Nội Bộ Xây dựng 2019
Teme:
Oznake: Označite
Brez oznak, prvi označite!
Thư viện lưu trữ: Trung tâm Học liệu Trường Đại học Cần Thơ
LEADER 00505nam a2200181Ia 4500
001 CTU_229505
008 210402s9999 xx 000 0 und d
082 |a 624 
082 |b X126 
245 0 |a Xây dựng Việt Nam 
245 0 |c Bộ Xây dựng 
260 |a Hà Nội 
260 |b Bộ Xây dựng 
260 |c 2019 
650 |a Civil engineering,Công trình dân dụng 
904 |2 24st ed. 
904 |i Trang 
980 |a Trung tâm Học liệu Trường Đại học Cần Thơ